01806cam a2200217 a 4500020003900000020003800039041000800077082001600085245006900101250001200170260004900182300002400231505112100255650003401376650001301410650002601423700002001449942000701469952009501476999001701571 a9780823249800 (cloth : alk. paper) a9780823249817 (pbk. : alk. paper) aENG00a201.66bSTO00aDeus in Machina : Religion, Technology and the things in Between a1st ed. aNew York :bFordham University Press,c2013. ax, 354 p. :bill. ;0 aReligion, technology, and the things in between / Jeremy Stolow -- Calendar, clock, tower / John Durham Peters -- Ticking clock, vibrating string : how time sense oscillates between religion and machine / Wolfgang Ernst -- The electric touch machine miracle scam : body, technology, and the (dis)authentication of the pentecostal supernatural / Marleen de Witte -- The spiritual nervous system : reflections on a magnetic cord designed for spirit communication / Jeremy Stolow -- An empowered world : Buddhist medicine and the potency of prayer in Japan / Jason Ananda Josephson -- Does submission to God's will preclude biotechnological intervention? Lessons from Muslim dialysis patients in contemporary Egypt / Sherine F. Hamdy -- The canary in the Gemeinschaft? disability, film, and the Jewish question / Faye Ginsburg -- Thinking about Melville, religion, and machines that think / John Lardas Modern -- Amazing stories : how science fiction sacralizes the secular / Peter Pels -- Virtual vodou, actual practice : transfiguring the technological / Alexandra Boutros -- TV St. Claire / Maria José A. de Abreu. 0aTechnology - Religion Aspects 0aMedicine 0aReligion and science.1 aStolow, Jeremy, cBK 00104070aHMIbHMIcGENd2018-10-31l0o201.66 STOp11003817r2026-01-16w2026-01-16yBK c22447d22447